Colorful Anatomic Phrases Quiz Stats

 Plays Quiz Updated Sep 29, 2015

Challenge
Share
Tweet
Embed
Score 0/20 Timer 08:00
0 Plays Today
Hint Answer % Correct
Caught in the actred handed
97.2%
Someone adept at growing plants has onegreen thumb
91.4%
US military decoration for wounded or killed soldiersPurple Heart
90.5%
Flight that leaves late at night and arrives early in the morningred-eye
87%
Disease affecting coal minersblack lung
85.5%
Nickname of pirate Edward TeachBlackbeard
84.8%
Cowardyellow belly
72.1%
Slang term for a US dollar billgreenback
71.9%
Conjunctivitispinkeye
71.7%
Term often used to describe a robinredbreast
69.8%
Hint Answer % Correct
A mature male gorillasilverback
67.4%
Someone of noble descentblueblood
66.8%
To suck up or behave obsequiouslybrown nose
65.9%
James Bond villainGoldfinger
65.3%
Clogged pore or mathematician Alfred North ___Whitehead
55.8%
Another term for leukocyteswhite blood cells
52%
Term used to describe a thrilling ride, such as a roller coasterwhite-knuckle
35.2%
Popular short-range wireless standardBluetooth
31.9%
Secret society responsible for the assassination of Franz FerdinandBlack Hand
29.6%
N. American pit viper, or road in a Steve Earle songcopperhead
25.8%

You're not logged in!

Compare scores with friends on all Sporcle quizzes.
OR
Log In

You Might Also Like...

Show Comments

Extras

Top Quizzes Today


Score Distribution

Your Account Isn't Verified!

In order to create a playlist on Sporcle, you need to verify the email address you used during registration. Go to your Sporcle Settings to finish the process.

Report this User

Report this user for behavior that violates our Community Guidelines.

Details: